000 00761nam a2200241Ia 4500
003 GCL
008 140319s9999 xx 000 0 ara d
040 _aGCL /
_cGCL
082 0 4 _a346.07
_bع ع
100 1 _aعلى البارودى
245 1 0 _aالعقود وعمليات البنوك التجارية /
_cعلى البارودى
260 _a[S.N] :
_bمنشاة المعارف الاسلامية ،
_c1990
300 _a400 ص
490 _aسلسلة الكتب القانونية
_v0
650 0 4 _aالقانون
650 0 4 _aالافلاس
650 0 4 _aالعقود التجارية
650 0 4 _aالفواتير
650 0 4 _aالقانون التجارى
650 0 4 _aالبنوك
650 0 4 _aالسماسرة
942 _2ddc
_cBK
999 _c35631
_d35631